| 000 | 00318nam a22001097a 4500 | ||
|---|---|---|---|
| 999 |
_c7742 _d7742 |
||
| 008 | 190314b ||||| |||| 00| 0 eng d | ||
| 082 | _a339.4 P39p 2017 | ||
| 245 |
_aPresident`s forum ; _bTransformative power of universities for our future. |
||
| 260 |
_aHongkong ; _c2017. |
||
| 300 |
_a60 p. _bill _c30 cm. |
||
| 942 | _2ddc | ||